Chata pri Súľovských skalách

Bibliographic Details
Format: Postcard
Language:Slovak
PhysicalDescription:1 pohľadnica čiernobiela 11 x 15 cm
Published: Martin Bratislava Osveta PŠK - HSV 1957
Subjects:

MARC

LEADER 00000nkm a2200000 a 4500
001 vtls011563695
003 SK-MaSNL
005 20260512122813.0
007 kp bo
008 231214s1957 xo g kuslo
015 |a SNBG 
035 |a urn:nbn:sk:snk-km00blbf 
035 |a urn:nbn:sk:snk-km3lnvm 
035 |a 24E5739D-D198-41C1-99E5-2E0FA5A81761 
040 |a SNK  |b slo  |c SNK  |e AACR2 
041 0 |a slo 
043 |a e-xo--- 
044 |a xo  |c SK 
080 |a 913(437.6)  |2 2011 
080 |a 551.24.055(234.372.4)  |2 2011 
080 |a 728.61(234.372.4)  |2 2011 
080 |a (437.6)  |2 2011 
080 |a (234.372.4)  |2 2011 
080 |a (084.121)  |2 2011 
245 0 0 |a Chata pri Súľovských skalách  |h grafika 
260 |a Martin  |b Osveta  |a Bratislava  |b PŠK - HSV  |c 1957 
300 |a 1 pohľadnica  |b čiernobiela  |c 11 x 15 cm 
650 0 7 |a chaty  |2 SNKPH  |9 29339 
651 7 |a Súľovské skaly (Súlovské vrchy, Slovensko)  |2 SNKPH  |9 185959 
655 7 |a miestne pohľadnice  |2 SNKPH  |9 70510 
852 |a Slovenská národná knižnica 
958 |a GC 
958 |a GBN 
958 |a OND 
999 |c 673881  |d 675811 
952 |a SNK  |b SNK  |y PREZ  |7 0  |p 17A1196482  |o snkSP 23192  |0 0  |1 0  |4 0  |d 2016-06-28  |f 1  |l 0  |r 2026-02-23 19:34:34  |w 2026-02-23